| 000 | 00934nam a2200289 i 4500 | ||
|---|---|---|---|
| 003 | EG-GICUC | ||
| 005 | 20260503085248.0 | ||
| 008 | 260503s1964 ||||fr|||| 000 0 fre d | ||
| 040 |
_aEG-GiCUC _bfre _cEG-GiCUC _dEG-GiCUC _erda |
||
| 082 | 0 | 4 |
_221 _a343.5 _bZL . C |
| 092 | 0 | 4 | _221 |
| 099 | _aLaw1 10 343.5 ZL . C 1964 | ||
| 100 | 1 |
_aZlataric, Bogdan _eAuteur |
|
| 245 | 1 | 0 |
_aCours De Droit Penal Approfondi : _bParticipation Criminelle ( Etude De Droit Penal Compare) / _cDr. Bogdan Zlataric. _n |
| 264 | 1 |
_a[Non défini] : _b[Non défini], _c1964. |
|
| 300 |
_a257pages : _billustrations, _c24 cm |
||
| 336 |
_2rda content _atext |
||
| 337 |
_2rda media _aComputer |
||
| 338 |
_2rda carrier _aOnline Resource |
||
| 504 | _a | ||
| 546 | _aTexte en français | ||
| 650 | 1 | 4 |
_aDroit pénal _2 |
| 651 | 1 | _2 | |
| 856 | 4 | 0 | _uhttps://fll.law.cu.edu.eg/fulltext/bks/B10-11022.pdf |
| 905 | _a50 | ||
| 942 |
_2ddc _cBK _e21 _n0 |
||
| 999 |
_c75060 _d75060 |
||